LDR 00586naa#a2200169#i#450# 001 EN\\bibl\121057 005 20260511033530.1 011 ## _a2073-0454 100 ## _a20251015b2025####ek#y0engy0150####ca 102 ## _aRU 200 1# _aFlexible work schedules for people with family responsibilities _eJournal article 210 1# _aMoscow _cMoscow University of the Ministry of Internal Affairs of Russia named after V.Ya. Kikot _d2025 215 ## _a6 с. 608 ## _aJournal article _2local 675 ## _aТрудовое право. 349.2 _z 700 #1 _aMyshko _gFedor Georgievich 856 4# _amosumvd.editorum.ru _u